1580 1934 1380 1856 1729 1465 1214 1541 1571 1513 1717 1309 1999 1340 1729 1022 1977 1305 1708 1787 1727 1944 1798 1386 1638 1374 1292 1113 1465 1100 1644 1503 1077 1977 1969 1221 1014 1636 1651 1181 1921 1644 1238 1504 1209 1897 1726 1474 1208 1588 1214 1872 1976 1041 1530 1915 1779 1664 1315 1719 1772 1378 1015 1301 1303 1400 1699 1746 1780 1300 1010 1761 1774 1806 1593 1613 1140 1864 1844 1379 1053 1664 1050 1427 1197 1140 1944 1997 1326 1806 1326 1285 1410 1623 1313 1400 1782 1119 1474 BCNSPRNW ULIB Ver.6.0+V

เปลี่ยนเป็นภาษาไทย

Change to English
 แสดงรายละเอียดบรรณานุกรม
  กลับหน้าหลัก

Brief Record : Get Marc (ISO 2709) : E-mail record : QR code < ปิดหน้าต่าง
LEADER : 00000nam 2200000uu 4500
001    13399124820
003     ULIB
008    160331s2015||||th 000 0 eng d
020    9780071738811
060 04 ^aWX218^bP957
245 00 ^aPrinciples of critical care /^cJesse B. Hall, Gregory A.Schmidt, Lawrence D.H. Wood
250    ^a4th ed
260    ^aNew York :^bMcGraw-Hill,^c2005
300    ^axxvii,1361 p. :^bill. ;^c23 cm.
504    ^aIncludes bibliographical references
650  2 ^aCritical Care
650  2 ^aIntensive Care Units^xorganization & administration
700 1  ^aHall, Jesse B.,^eed.
700 1  ^aSchmidt, Gregory A.,^eed.
700 1  ^aWood, Lawrence D.H.,^eed.
945    ^p0^l0^i000363
999    ^aเกษร โพธิ์สุวรรณ
รายการนี้ยังไม่มีแท็ก
คุณยังไม่ได้ล็อกอิน คุณสามารถมีกิจกรรมร่วมกับเว็บไซต์ได้ แต่ต้องล็อกอินก่อน ::
  ล็อกอิน

รายการสื่อสารสนเทศ

ลำดับที่ ประเภท เลขเรียก/บาร์โค้ด สถานที่ สถานะ
1. Book การพยาบาล
Book การพยาบาล
WX218 P957 ฉ.1 
  Barcode: 000363
ห้องสมุดวิทยาเขตสวรรค์ประชารักษ์
►หนังสือทั่วไป
บนชั้น

รายการใกล้เคียง
    หัวเรื่อง [Critical Care]

BibComment


ยังไม่เคยถูกคอมเมนท์

คอมเมนท์ทรัพยากรรายการนี้
  คอมเมนท์: Principles of cr..


 Copyright 2026. Bcnsprnw @Library